The desert shore : Literatures of the sahel
Presents contemporary literatures of the Sahel, along with contextualizing chapters by critics from Africa, Europe and North America. The text demonstrates the resilienbce and cultural wealth of modern Sahelian society, and provides insights into perspectives on writing, literature and language.
Gorde:
| Egile nagusia: | |
|---|---|
| Formatua: | Liburua |
| Hizkuntza: | Undetermined |
| Argitaratua: |
Boulder
Lynne Rienner Publishers
2001
|
| Gaiak: | |
| Etiketak: |
Etiketa erantsi
Etiketarik gabe, Izan zaitez lehena erregistro honi etiketa jartzen!
|
| Thư viện lưu trữ: | Trung tâm Học liệu Trường Đại học Cần Thơ |
|---|
| LEADER | 00879nam a2200217Ia 4500 | ||
|---|---|---|---|
| 001 | CTU_108639 | ||
| 008 | 210402s9999 xx 000 0 und d | ||
| 082 | |a 896.210966 | ||
| 082 | |b W812 | ||
| 100 | |a Wise, Christopher | ||
| 245 | 4 | |a The desert shore : | |
| 245 | 0 | |b Literatures of the sahel | |
| 245 | 0 | |c Christopher Wise | |
| 260 | |a Boulder | ||
| 260 | |b Lynne Rienner Publishers | ||
| 260 | |c 2001 | ||
| 520 | |a Presents contemporary literatures of the Sahel, along with contextualizing chapters by critics from Africa, Europe and North America. The text demonstrates the resilienbce and cultural wealth of modern Sahelian society, and provides insights into perspectives on writing, literature and language. | ||
| 650 | |a African literature,Sahel | ||
| 650 | |x History and criticism | ||
| 904 | |i Hiếu | ||
| 980 | |a Trung tâm Học liệu Trường Đại học Cần Thơ | ||